आर.गुप्ता कृत पॉपुलर मास्टर गाइडः बैंक क्लर्क्स परीक्षा / (Record no. 61429)

MARC details
000 -LEADER
fixed length control field 00985nam a22001817a 4500
005 - DATE AND TIME OF LATEST TRANSACTION
control field 20120124131057.0
020 ## - INTERNATIONAL STANDARD BOOK NUMBER
Terms of availability 175.00
International Standard Book Number
035 ## - SYSTEM CONTROL NUMBER
System control number B-234404
037 ## - SOURCE OF ACQUISITION
Source of stock number/acquisition
Stock number dpl
082 ## - DEWEY DECIMAL CLASSIFICATION NUMBER
Classification number 000
100 ## - MAIN ENTRY--PERSONAL NAME
Personal name गुप्ता, अंजनी
245 1# - TITLE STATEMENT
Title आर.गुप्ता कृत पॉपुलर मास्टर गाइडः बैंक क्लर्क्स परीक्षा /
Statement of responsibility, etc अंजनी गुप्ता
260 ## - PUBLICATION, DISTRIBUTION, ETC. (IMPRINT)
Place of publication, distribution, etc नई दिल्ली
Name of publisher, distributor, etc रमेश पब्लिशिंग हाउस
Date of publication, distribution, etc 2008
270 ## - ADDRESS
Address 12-एच,न्यू दरियागंज रोड,ट्रैफिक कोतवाली के सामने
City नई दिल्ली
Postal code 110002
Telephone number 23261567
300 ## - PHYSICAL DESCRIPTION
Extent वि.पृ.
Dimensions 25सेमी (अजिल्द)
942 ## - ADDED ENTRY ELEMENTS (KOHA)
Institution code [OBSOLETE] dpl
Item type Hindi Books
Call number prefix
Source of classification or shelving scheme Dewey Decimal Classification
Classification part 000
Call number suffix आरगु
Holdings
Withdrawn status Lost status Not for loan Collection code Home library Current library Date acquired Cost, normal purchase price Full call number Barcode Cost, replacement price Koha item type
      Non-fiction Sarojini Nagar Sarojini Nagar 24/01/2012 195.00 000 आरगु B-234404 195.00 Hindi Books

© Delhi Public Library
Hit Counter
free hit counter